000 00754nam a2200217Ii 4500
003 JO-AjNU
008 230605s9999||||xx |||||||||||||| ||und||
017 _a1998/6/996
040 _aJO-AjNU
_bara
_erda
_cJO-AjNU
041 _aara
050 1 4 _aK5101.N556.1998
100 3 _a نجم، محمد صبحي ,
_eauthor
_946884
245 0 0 _aقانون أصول المحاكمات الجزائية الأردني رقم 9 لسنة 1961م " أحكام تطبيقة ومضمونة "
250 _a(د،ط)
264 3 1 _aد ، م : د ، ن ، 1998
300 _a572ص
336 _atext
_btxt
_2rdacontent
337 _aunmediated
_bn
_2rdamedia
338 _avolume
_bnc
_2rdacarrier
650 4 _aقانون الاجراءات الجنائية
_946885
999 _aA20428
_c23996
_d23996